000 00816nam a2200205Ii 4500
003 JO-AjNU
008 230605s9999||||xx |||||||||||||| ||und||
040 _aJO-AjNU
_bara
_erda
_cJO-AjNU
041 _aara
050 1 4 _aPJ6073.N3622 2003
100 3 _aتاليف النقراط، عبد الله محمد,
_eauthor
_936397
245 0 0 _aالشامل في اللغة العربية لطلبة الجامعات والمعاهد العليا غير المتخصصين
250 _aط1
264 3 1 _aبيروت: دار قتيبة للطباعة والنشر،2003
300 _a202ص
336 _atext
_btxt
_2rdacontent
337 _aunmediated
_bn
_2rdamedia
338 _avolume
_bnc
_2rdacarrier
650 4 _aاللغة العربية-الشامل في اللغة العربية-قواعد-معاجم
_936398
999 _aA15119
_c18687
_d18687